Top 10 New Zealand Beaches - Statistics

General Stats
  • This quiz has been taken 9 times
  • The average score is 2 of 10
Answer Stats
area beach % Correct
Wairarapa Castlepoint
38%
Coromandel Hahei
38%
Coromandel New Chums
38%
Coromandel Whangamata
38%
Nelson-Tasman Kaiteriteri
25%
Northland Matapouri
25%
Coromandel Opito Bay
13%
Northland Taupo Bay
13%
Northland Matai Bay
0%
southern Northland Te Arai
0%
No matching quizzes found
Score Distribution
Percent of People with Each Score
Percentile by Number Answered
Your Score History
You have not taken this quiz